| 000 | 00870nam a2200289 a 4500 | ||
|---|---|---|---|
| 001 | 73688 | ||
| 003 | BD-RjUL | ||
| 005 | 20211209082431.0 | ||
| 008 | 170606s1961 nyua b 001 0 eng d | ||
| 035 | _a(BD-RjUL) | ||
| 040 |
_aDLC _cCSU _dOCL _dUKM _dEQO _dBD-RjUL _beng |
||
| 041 | _aeng | ||
| 082 |
_a657 _223 _bDAM 1961 |
||
| 100 | 1 |
_aDale, John D. _9218110 |
|
| 245 | 1 | 0 |
_aManagerial accounting in the small company / _bJohn D Dale |
| 260 |
_aNew York : _bReinhold Pub. Corp, _c1961 |
||
| 300 |
_a181 p. : _bill. ; _c20 cm |
||
| 490 | _aReinhold management science series | ||
| 500 | _aA Reinhold pilot book | ||
| 504 | _aIncludes bibliography | ||
| 650 | 0 |
_aAccounting _9218111 |
|
| 650 | 0 |
_aManagerial accounting _9218173 |
|
| 650 | 0 |
_aManagement _9218112 |
|
| 830 | 0 |
_aReinhold management science series _9218174 |
|
| 942 |
_2ddc _cBK |
||
| 999 |
_c73688 _d73688 |
||